000 00630nam a22002297a 4500
005 20220521101039.0
008 220519b ||||| |||| 00| 0 eng d
020 _a8186405006
040 _cAloy
041 _aeng
082 _223
_a324.2092
_bSINH
100 _aDarshan Singh
_938361
245 _aH D Deve Gowda:
_bThe nation owes
260 _aNew Delhi
_bKuljyot Kaur
_c1997
300 _axxvi,124p.
_bPB
_c17x12cm.
365 _2Biography
_b600.00
_c
_d600.00
650 _aBiography
_937993
650 _aPrime Minister
_937994
650 _aPolitician
_937995
700 _aSINGH (Darshan)
_937996
942 _2ddc
_cGF
999 _c223011
_d223011